000 00271nam a22001217a 4500
008 170831b xxu||||| |||| 00| 0 eng d
041 _aeng
080 _a070
100 _a40
101 _aMED
245 _aETHICS OF SPEECH COMMUNICATION
_cNILSEN,TH,R
942 _2udc
_cBK
999 _c25684
_d25684